Impuesto a las ganancias (Registro nro. 6482)

Detalles MARC
000 -LEADER
fixed length control field 01220 a2200217 4500
001 - CONTROL NUMBER
control field 58775
005 - DATE AND TIME OF LATEST TRANSACTION
control field 20260407155842.0
008 - FIXED-LENGTH DATA ELEMENTS--GENERAL INFORMATION
fixed length control field 260407a1977 arg spa d
003 - CONTROL NUMBER IDENTIFIER
control field AR-UNSa-BCEJYS
040 ## - CATALOGING SOURCE
Original cataloging agency AR-UNSa-BCEJYS
Language of cataloging spa
Transcribing agency AR-UNSa-BCEJYS
080 ## - UNIVERSAL DECIMAL CLASSIFICATION NUMBER
Universal Decimal Classification number 336.226.1
Common auxiliary subdivision Impuestos a las ganancias o los beneficios (Impuesto Diferido)
041 ## - LANGUAGE CODE
Language code of text/sound track or separate title spa
100 1# - MAIN ENTRY--PERSONAL NAME
Personal name Giuliani Fonrouge, Carlos M.
245 10 - TITLE STATEMENT
Title Impuesto a las ganancias
Name of part/section of a work actualización
264 #1 - PRODUCTION, PUBLICATION, DISTRIBUTION, MANUFACTURE, AND COPYRIGHT NOTICE
Place of production, publication, distribution, manufacture Buenos Aires :
Name of producer, publisher, distributor, manufacturer Ediciones Depalma
Date of production, publication, distribution, manufacture, or copyright notice 1977
300 ## - PHYSICAL DESCRIPTION
Extent 91 p.
Dimensions 23 cm.
505 ## - FORMATTED CONTENTS NOTE
Formatted contents note 1. Concepto de ganancia - 2. Fuente - 3. Sociedades - 4. Regalías - 5. Pago a beneficiarios del exterior - 7. Exenciones - 8. Deducciones - 9. Interés ficto en deudas - 10. Costo de bienes adquiridos a título gratuito - 11. Alícuotas para personas físicas y sucesiones indivisas - 12. Ganancias de tercera categoría - 13. Producción agropecuaria - 14. Inversiones de lujo y similares - 15. Ajustes de impuestos - 16. Ingresos a fiscos extranjeros - 17. Interés accionario en cooperativas - 18. Valuación de inventarios - 19. Nuevo régimen de retenciones.
590 ## - LOCAL NOTE (RLIN)
Local note niveau_biblio:m niveau_hierar:0
700 1# - ADDED ENTRY--PERSONAL NAME
Personal name Navarrine, Susana Camila
942 ## - ADDED ENTRY ELEMENTS (KOHA)
Koha item type
Existencias
Withdrawn status Lost status Damaged status Not for loan Home library Current library Shelving location Date acquired Total checkouts Full call number Barcode Date last seen Price effective from Koha item type
        Biblioteca Prof. Eusebio Cleto del Rey Biblioteca Prof. Eusebio Cleto del Rey   07/04/2026   336.226.1 G537m L13469 07/04/2026 07/04/2026 Libro